Statistics for Non-Island Countries with Most Island Area

Click here to take the quiz!

General Stats

  • This quiz has been taken 135 times
    (129 since last reset)
  • The average score is 14 of 18

Answer Stats

Island AreaCountry% Correct
>15%Canada
96%
>16%Italy
95%
>1%Russia
95%
>36%Denmark
94%
>2%France
94%
>11%Greece
94%
>1%Spain
94%
>19%Norway
93%
>58%Malaysia
92%
>3%Portugal
78%
>9%Chile
76%
>5%Croatia
75%
>1%Australia
65%
>1%Ecuador
63%
>1%South Korea
63%
>8%Estonia
62%
>6%Equatorial Guinea
55%
>3% *Slovakia
10%

Score Distribution

Percentile by Number Answered

Percent of People with Each Score

Your Score History

You have not taken this quiz since the last reset